[Event "VIII TchRUS W"]
[Site "Sochi RUS"]
[Date "2007.05.01"]
[Round "1"]
[White "Muzychuk, Anna"]
[Black "Komiagina, Maria"]
[Result "1-0"]
[WhiteElo "2419"]
[BlackElo "2288"]
[Annotator ""]
[Source ""]
[Remark ""]

1.e4 c5 2.c3 Nf6 3.e5 Nd5 4.d4 cxd4 5.Nf3 e6 6.cxd4 d6 7.Bc4
Nb6 8.Bd3 dxe5 9.dxe5 Na6 10.Bg5 Be7 11.Bxe7 Qxe7 12.Nc3 O-O
13.O-O Nc5 14.Bc2 Rd8 15.Qe2 Bd7 16.b4 Nca4 17.Ne4 Nd5 18.a3
a6 19.Nd4 g6 20.Qd2 Nab6 21.Bb3 Ba4 22.Ba2 Rac8 23.Rac1 Rxc1
24.Rxc1 Qh4 25.Nd6 Rd7 26.g3 Qe7 27.Bxd5 exd5 28.Nc8 Nxc8 29.Rxc8+
Rd8 30.Qc3 Qe8 31.Rxd8 Qxd8 32.Kg2 Qd7 33.Qc5 Kg7 34.h3 Bd1 35.Qb6
Qe7 36.f4 Ba4 37.g4 h6 38.Kg3 Bd1 39.h4 h5 40.g5 Kg8 41.Kf2 Kf8
42.Qf6 Qxf6 43.gxf6 Ke8 44.f5 gxf5 45.Nxf5 Kd7 46.Ke3 Ke6 47.Kf4
Bg4 48.Ng7+ Kd7 49.Ke3 b6 50.Kd4 Bd1 51.Kxd5 Bf3+ 52.Kd4 Bd1
53.Ke4 a5 54.bxa5 bxa5 55.Kf4 Be2 56.Kg5 Bd1 57.Kh6 a4 58.Kh7
Bc2+ 59.Kg8 Bb3 60.Kf8 Bc4 61.Nxh5 Ke6 62.Ng7+ Kxe5 63.Ke7 Kf4
64.Ne8 1-0

[Event "VIII TchRUS W"]
[Site "Sochi RUS"]
[Date "2007.05.01"]
[Round "1"]
[White "Bannikova, Anastasia"]
[Black "Tairova, Elena"]
[Result "1/2-1/2"]
[WhiteElo "2185"]
[BlackElo "2414"]
[Annotator ""]
[Source ""]
[Remark ""]

1.e4 e6 2.d4 d5 3.Nd2 c5 4.exd5 exd5 5.Ngf3 Nf6 6.Bb5+ Bd7 7.Bxd7+
Nbxd7 8.O-O Be7 9.dxc5 Nxc5 10.Re1 O-O 11.Nf1 Re8 12.Be3 Qc7
13.Bd4 Ne6 14.Be5 Qd7 15.Ne3 Rad8 16.c3 b5 17.Qc2 Qb7 18.Rad1
a5 19.Nd4 Nd7 20.Nef5 Nxe5 21.Nxe6 fxe6 22.Nxe7+ Rxe7 23.Rxe5
b4 24.Rde1 Qb6 25.Rh5 h6 26.Qg6 Rf8 27.Rf1 Rf6 28.Qg3 Ref7 29.cxb4
axb4 30.Re5 Ra7 31.a3 bxa3 32.bxa3 d4 33.Qd3 Qd6 34.Re4 e5 35.a4
Kh8 36.f4 Rxa4 37.Rxe5 Rf8 38.Qe4 Rb4 39.Re8 Rxe8 40.Qxe8+ Kh7
41.Qe4+ Kg8 42.Qe8+ Qf8 43.Qxf8+ Kxf8 44.Kf2 Ke7 45.Kf3 Kd6 46.Ke4
Kc5 47.Rd1 Rc4 48.Ra1 Rc2 49.Ra5+ Kb6 50.Rh5 Rxg2 51.Kxd4 Kc6
52.Ke4 Kd6 53.Kf3 Ra2 54.Kg3 Ke6 55.Rb5 Ra6 56.Rb3 Ra5 57.Kg4
Ra6 58.Rb5 Kf6 59.h4 g6 60.h5 Rd6 1/2-1/2

[Event "VIII TchRUS W"]
[Site "Sochi RUS"]
[Date "2007.05.01"]
[Round "1"]
[White "Pogonina, Natalija"]
[Black "Deriabina, Svetlana"]
[Result "1-0"]
[WhiteElo "2419"]
[BlackElo "2133"]
[Annotator ""]
[Source ""]
[Remark ""]

1.e4 e5 2.Nf3 Nc6 3.Bb5 a6 4.Ba4 Nf6 5.O-O Be7 6.Re1 b5 7.Bb3
d6 8.c3 O-O 9.h3 Na5 10.Bc2 c5 11.d4 Nd7 12.Nbd2 cxd4 13.cxd4
Nc6 14.Nb3 a5 15.Be3 a4 16.Nbd2 Bf6 17.Nf1 Nb4 18.Bb1 Bb7 19.a3
Nc6 20.d5 Na5 21.Bd3 Nb3 22.Rb1 Ba6 23.N1d2 Nbc5 24.Bf1 g6 25.Bh6
Bg7 26.Bxg7 Kxg7 27.b4 axb3 28.Nxb3 Qb6 29.Qd2 Rfc8 30.Qb4 Na4
31.Na5 Rc2 32.Re2 Rac8 33.Nc6 Rc5 34.Re3 Re8 35.Nd2 f5 36.Nb3
f4 37.Rf3 Nf6 38.Nxc5 Nxc5 39.Re1 g5 40.a4 h5 41.axb5 Bb7 42.Ra3
Kh6 43.Qa5 Qxa5 44.Nxa5 Bc8 45.f3 g4 46.Nc4 gxf3 47.gxf3 Rg8+
48.Kh2 Rg3 49.Nxd6 Kg5 50.Rc3 Bxh3 51.Bxh3 Ng4+ 52.Bxg4 hxg4
53.Rxc5 Rxf3 54.Nf5 Rh3+ 55.Kg1 f3 56.Rc2 g3 57.Nxg3 Rxg3+ 58.Kh1
Kf4 59.Rg1 Rh3+ 60.Rh2 1-0

[Event "VIII TchRUS W"]
[Site "Sochi RUS"]
[Date "2007.05.01"]
[Round "1"]
[White "Galliamova, Alisa"]
[Black "Zhao, Xue"]
[Result "1-0"]
[WhiteElo "2477"]
[BlackElo "2467"]
[Annotator ""]
[Source ""]
[Remark ""]

1.d4 Nf6 2.c4 e6 3.Nf3 b6 4.Nc3 Bb7 5.Bg5 h6 6.Bh4 Be7 7.e3 Ne4
8.Nxe4 Bxe4 9.Bg3 f5 10.Nd2 Bb7 11.Qh5+ Kf8 12.Bd3 Nc6 13.O-O
Qe8 14.Qe2 d6 15.d5 Ne5 16.e4 Nxd3 17.Qxd3 fxe4 18.Nxe4 Qg6 19.Rfe1
e5 20.f4 exf4 21.Bxf4 Kg8 22.Re3 Rf8 23.Rg3 Qh5 24.Bd2 Bh4 25.Bc3
Rh7 26.Re3 Bc8 27.Rf1 Rxf1+ 28.Qxf1 Bd7 29.Rf3 Qe8 30.Qd3 Qd8
31.b4 h5 32.Qd4 c5 33.bxc5 bxc5 34.Qd2 Rh6 35.Qf4 Qe7 36.Re3
Qd8 37.Nxd6 Qg5 38.Be5 Qxf4 39.Bxf4 Bg5 40.Bxg5 Rxd6 41.Ra3 Rb6
42.Rxa7 Bf5 43.Bf4 Rb4 44.d6 Rxc4 45.Be5 Kf8 46.Bxg7+ Ke8 47.Re7+
Kd8 48.Bf6 Kc8 49.Rc7+ Kb8 50.d7 Rd4 51.d8Q+ 1-0

[Event "VIII TchRUS W"]
[Site "Sochi RUS"]
[Date "2007.05.01"]
[Round "1"]
[White "Paehtz, Elisabeth"]
[Black "Zaiatz, Elena"]
[Result "1-0"]
[WhiteElo "2438"]
[BlackElo "2387"]
[Annotator ""]
[Source ""]
[Remark ""]

1.e4 e5 2.Nf3 Nc6 3.Bc4 Bc5 4.d3 Nf6 5.Bb3 a6 6.h3 Ba7 7.Qe2
d6 8.c3 Be6 9.Bc2 h6 10.Nbd2 g5 11.Nf1 d5 12.Ng3 g4 13.Nh4 gxh3
14.Ngf5 hxg2 15.Rg1 Rg8 16.Bd2 Qd7 17.Nxh6 Ng4 18.Nxg8 Qd8 19.O-O-O
Qxh4 20.exd5 O-O-O 21.dxe6 Rxg8 22.exf7 Rf8 23.Rxg2 Nh6 24.Bb3
Nxf7 25.Be6+ 1-0

[Event "VIII TchRUS W"]
[Site "Sochi RUS"]
[Date "2007.05.01"]
[Round "1"]
[White "Gaponenko, Inna"]
[Black "Vasilevich, Irina"]
[Result "1-0"]
[WhiteElo "2451"]
[BlackElo "2380"]
[Annotator ""]
[Source ""]
[Remark ""]

1.e4 c5 2.c3 e6 3.d4 d5 4.e5 Nc6 5.Nf3 Qb6 6.a3 c4 7.Nbd2 Na5
8.g3 Bd7 9.h4 h5 10.Bh3 Be7 11.O-O O-O-O 12.Nh2 f6 13.exf6 gxf6
14.Re1 Re8 15.Rb1 Bd6 16.Qc2 Qc7 17.Ndf3 Nh6 18.Bxh6 Rxh6 19.Re2
Nc6 20.Rbe1 Nd8 21.Nf1 Rg8 22.Bxe6 Nxe6 23.Rxe6 Bxe6 24.Rxe6
Rhg6 25.Qf5 Kb8 26.Ne5 R6g7 27.Rxf6 Re7 28.Nf3 Re2 29.Qxd5 Rd8
30.Qxh5 Rxb2 31.Qg6 Qe7 32.h5 Qe2 33.N3d2 Rb6 34.h6 Qe8 35.Nxc4
Qxg6 36.Rxg6 Rc6 37.Nfe3 Bf8 38.Rxc6 bxc6 39.Nf5 Rd7 40.g4 Rf7
41.Ne5 1-0

[Event "VIII TchRUS W"]
[Site "Sochi RUS"]
[Date "2007.05.01"]
[Round "1"]
[White "Kursova, Maria"]
[Black "Chistiakova, Tamara"]
[Result "1-0"]
[WhiteElo "2324"]
[BlackElo "2337"]
[Annotator ""]
[Source ""]
[Remark ""]

1.d4 Nf6 2.Nf3 e6 3.c4 d5 4.Nc3 Be7 5.Bg5 h6 6.Bh4 O-O 7.e3 Ne4
8.Bxe7 Qxe7 9.Bd3 Nxc3 10.bxc3 dxc4 11.Bxc4 Nd7 12.O-O b6 13.e4
Bb7 14.Re1 c5 15.a4 Rac8 16.d5 exd5 17.Bxd5 Nf6 18.c4 Rcd8 19.Qb1
Bxd5 20.exd5 Qd6 21.h3 Rfe8 22.Qb5 Re4 23.Rxe4 Nxe4 24.a5 Nc3
25.Qb3 Ne2+ 26.Kh1 Nf4 27.axb6 axb6 28.Ra6 Qg6 29.g3 Nxh3 30.Rxb6
Qg4 31.Rb8 Rxb8 32.Qxb8+ Kh7 33.Kg2 g5 34.Nh2 Qf5 35.Qb2 g4 36.Qe2
h5 37.f3 gxf3+ 38.Qxf3 Qc2+ 39.Kxh3 Qxc4 40.Qxf7+ Kh6 41.Qf4+
Qxf4 42.gxf4 Kg6 43.Nf3 Kf5 44.Nd2 1-0

[Event "VIII TchRUS W"]
[Site "Sochi RUS"]
[Date "2007.05.01"]
[Round "1"]
[White "Novikova, Anna"]
[Black "Zdebskaja, Natalia"]
[Result "1/2-1/2"]
[WhiteElo "2272"]
[BlackElo "2335"]
[Annotator ""]
[Source ""]
[Remark ""]

1.e4 c5 2.Nf3 d6 3.c3 Nf6 4.Bd3 Nc6 5.Bc2 Bg4 6.h3 Bh5 7.d3 e5
8.O-O Be7 9.Re1 Qc7 10.Nbd2 O-O-O 11.Nf1 d5 12.Qe2 c4 13.exd5
cxd3 14.Bxd3 Rxd5 15.Bf5+ Kb8 16.Ng3 Bg6 17.Bxg6 hxg6 18.b4 Re8
19.c4 Rdd8 20.a3 e4 21.Ng5 Bd6 22.Be3 Bxg3 23.fxg3 Nh5 24.g4
Nf4 25.Qf1 Nd3 26.Red1 Nce5 27.Nxe4 Qxc4 28.Nc5 Nxc5 29.Qxc4
Nxc4 30.Bxc5 b6 31.Bf2 Kb7 32.a4 Nb2 33.Rxd8 Rxd8 34.Kf1 Nd1
35.Bg3 Ne3+ 36.Ke2 Nd5 37.b5 Rc8 38.Kd2 Rc4 39.a5 Rd4+ 40.Kc2
bxa5 41.Rxa5 Re4 42.Kd2 Nb6 43.Kd3 Rb4 44.Be5 Rb3+ 45.Kc2 Re3
46.Bxg7 Re2+ 47.Kd1 Rxg2 48.Ra3 Nc4 49.Rf3 Rd2+ 50.Kc1 Rd7 51.Rf6
Nd6 52.Bf8 Ne4 53.Rf1 Ng3 54.Rf3 Ne2+ 55.Kb2 Kb6 56.h4 Rd2+ 57.Kb1
Kxb5 58.h5 gxh5 59.gxh5 Kc4 60.Bg7 Rd1+ 61.Kb2 Rd2+ 62.Ka3 Rd5
63.h6 Ra5+ 64.Kb2 Rb5+ 65.Ka1 Ra5+ 66.Kb1 Rb5+ 67.Bb2 Rh5 68.Bg7 1/2-1/2

[Event "VIII TchRUS W"]
[Site "Sochi RUS"]
[Date "2007.05.01"]
[Round "1"]
[White "Manakova, Irina"]
[Black "Kostiuk, Tatiana"]
[Result "0-1"]
[WhiteElo "2244"]
[BlackElo "2232"]
[Annotator ""]
[Source ""]
[Remark ""]

1.e4 e5 2.Nf3 Nc6 3.d4 exd4 4.Nxd4 Bc5 5.Nb3 Bb6 6.Nc3 Nf6 7.Bg5
h6 8.Bh4 d6 9.Bd3 Be6 10.Bb5 O-O 11.Bxc6 bxc6 12.O-O g5 13.Bg3
Bg4 14.Qd3 Nh5 15.Ne2 Bxe2 16.Qxe2 Nxg3 17.hxg3 Qf6 18.c3 Rae8
19.Qf3 Qxf3 20.gxf3 g4 21.Nd2 gxf3 22.Rfe1 Re6 23.Nxf3 Rfe8 24.Nh4
Rxe4 25.Kf1 R4e6 26.Rxe6 fxe6 27.Re1 e5 28.f4 e4 29.Nf5 h5 30.Ke2
Kf7 31.Rh1 Kg6 32.Nh4+ Kf6 33.Ng2 Rg8 34.Rh3 d5 35.b4 a5 36.a3
axb4 37.cxb4 Ra8 38.Rxh5 Rxa3 39.Nh4 Rxg3 40.Rh6+ Kf7 41.Rxc6
Rg4 42.Nf5 Rxf4 43.Ne3 d4 44.Nd5 d3+ 45.Ke1 Rh4 46.Rf6+ Kg7 47.Re6
Bd4 48.Kd1 c6 49.Ne7 Kf7 50.Nxc6 Kxe6 0-1

[Event "VIII TchRUS W"]
[Site "Sochi RUS"]
[Date "2007.05.01"]
[Round "1"]
[White "Cmilyte, Viktoria"]
[Black "Kirillova, Varvara"]
[Result "1/2-1/2"]
[WhiteElo "2470"]
[BlackElo "2225"]
[Annotator ""]
[Source ""]
[Remark ""]

1.d4 d6 2.Nf3 Bg4 3.c4 c6 4.e4 Nd7 5.Nc3 e5 6.d5 Ngf6 7.h3 Bh5
8.Be3 Be7 9.Be2 O-O 10.Nd2 Bxe2 11.Qxe2 h6 12.O-O a5 13.b3 Qb8
14.a3 Bd8 15.f4 exf4 16.Rxf4 Ne5 17.Raf1 Nfd7 18.Nf3 Nxf3+ 19.gxf3
h5 20.Kh1 Bf6 21.Rxf6 Nxf6 22.Rg1 g6 23.f4 Kh7 24.Rg5 Re8 25.Qf3
Qc7 26.Bd4 Qe7 27.f5 Rf8 28.e5 dxe5 29.Bxe5 Rae8 30.Ne4 Qxe5
31.fxg6+ fxg6 32.Rxe5 Rxe5 33.Nxf6+ Kg7 34.dxc6 bxc6 35.Qxc6
Re1+ 36.Kg2 Rxf6 37.Qd7+ Rf7 38.Qd4+ Kh7 39.c5 Re2+ 40.Kg3 Rfe7
41.Kf3 Rh2 42.Kg3 Rhe2 43.c6 R2e3+ 44.Kf4 Rxh3 45.Qc5 Rf7+ 46.Ke4
Rh4+ 47.Ke3 Rh3+ 48.Ke4 Rh4+ 49.Ke3 1/2-1/2

[Event "VIII TchRUS W"]
[Site "Sochi RUS"]
[Date "2007.05.01"]
[Round "1"]
[White "Solovjova, Valentina"]
[Black "Korbut, Ekaterina"]
[Result "0-1"]
[WhiteElo "2265"]
[BlackElo "2442"]
[Annotator ""]
[Source ""]
[Remark ""]

1.e4 c5 2.c3 Nf6 3.e5 Nd5 4.d4 cxd4 5.Nf3 Nc6 6.cxd4 d6 7.Bc4
Nb6 8.Bb5 dxe5 9.Nxe5 Bd7 10.Nxd7 Qxd7 11.Nc3 Rd8 12.Qf3 a6 13.Bxc6
Qxc6 14.Qxc6+ bxc6 15.Be3 e6 16.Ke2 Rb8 17.Rac1 Kd7 18.Ne4 Nd5
19.b3 Be7 20.Nd2 Rhc8 21.Nc4 f6 22.g4 Rb5 23.h4 c5 24.dxc5 Bxc5
25.Rhd1 Ke7 26.Nb2 Nxe3 27.fxe3 Rbb8 28.Nc4 Rc7 29.Rd3 Rd8 30.Rxd8
Kxd8 31.h5 Ke7 32.Rf1 Rd7 33.a3 Ba7 34.b4 e5 35.Na5 Rc7 36.Kd3
Ke6 37.a4 Bb6 38.Rb1 g6 39.hxg6 hxg6 40.Nb3 f5 41.gxf5+ gxf5
42.Rc1 e4+ 43.Kd2 Rd7+ 44.Ke2 Bxe3 45.Rc6+ Ke5 46.Rxa6 Rd3 47.Na5
f4 48.Nc4+ Kd4 49.Nxe3 Rxe3+ 50.Kf2 Rb3 51.Rd6+ Ke5 52.Rd1 Rb2+
53.Kf1 e3 54.Ra1 f3 55.a5 Rg2 0-1

[Event "VIII TchRUS W"]
[Site "Sochi RUS"]
[Date "2007.05.01"]
[Round "1"]
[White "Demina, Julia"]
[Black "Gromova, Iulia"]
[Result "1-0"]
[WhiteElo "2302"]
[BlackElo "2195"]
[Annotator ""]
[Source ""]
[Remark ""]

1.d4 Nf6 2.Nf3 g6 3.c4 Bg7 4.g3 c6 5.Nc3 d5 6.Qb3 O-O 7.Bg2 dxc4
8.Qxc4 Nbd7 9.O-O Nb6 10.Qd3 Bf5 11.e4 Be6 12.Rd1 Qc8 13.b3 a5
14.Ba3 Qd8 15.h3 a4 16.Qc2 axb3 17.axb3 h6 18.Ne2 Nh7 19.Nf4
Bd7 20.Ne5 Nc8 21.Qc4 Nd6 22.Bxd6 Rxa1 23.Rxa1 exd6 24.Nxd7 Qxd7
25.Nxg6 Re8 26.Nh4 Ng5 27.Qd3 Nxh3+ 28.Kf1 c5 29.Nf5 Ng5 30.Nxg7
Kxg7 31.dxc5 Qe6 32.cxd6 Qe5 33.Rd1 Ne6 34.f4 Qh5 35.b4 1-0

[Event "VIII TchRUS W"]
[Site "Sochi RUS"]
[Date "2007.05.01"]
[Round "1"]
[White "Kuzevanova, Evgenia"]
[Black "Turova, Irina"]
[Result "1/2-1/2"]
[WhiteElo "2176"]
[BlackElo "2362"]
[Annotator ""]
[Source ""]
[Remark ""]

1.e4 e5 2.Nf3 Nf6 3.d4 Nxe4 4.dxe5 d5 5.Bd3 Nc6 6.O-O Be7 7.Nc3
Nxc3 8.bxc3 Bg4 9.Re1 a6 10.h3 Bh5 11.Rb1 Rb8 12.Bf4 O-O 13.Qe2
Qd7 14.Qe3 b5 15.Nd4 Nxd4 16.cxd4 Rb6 17.Bg5 Bxg5 18.Qxg5 Bg6
19.Rbd1 f6 20.Qg3 fxe5 21.Rxe5 Bxd3 22.Rxd3 Rg6 23.Qh4 Qc6 24.c3
Qc4 25.Rg3 Qxa2 26.Rxg6 hxg6 27.Qg3 a5 28.Re6 g5 29.Rc6 b4 30.cxb4
axb4 31.Qe3 Qb1+ 32.Rc1 Qa2 33.Rxc7 b3 34.Rxg7+ Kxg7 35.Qxg5+
Kf7 36.Qxd5+ Kg6 37.Qe6+ Kg7 38.Qe7+ Kg8 39.Qe6+ Rf7 40.Qe8+
Kg7 41.Qe5+ Rf6 42.Qe7+ Kg6 43.Qe8+ Rf7 44.Qe6+ Kg7 45.Qe5+ Kf8
46.Qb8+ Ke7 47.Qc7+ Ke6 48.Qc6+ 1/2-1/2

[Event "VIII TchRUS W"]
[Site "Sochi RUS"]
[Date "2007.05.01"]
[Round "1"]
[White "Hou, Yifan"]
[Black "Shadrina, Tatiana"]
[Result "1-0"]
[WhiteElo "2513"]
[BlackElo "2371"]
[Annotator ""]
[Source ""]
[Remark ""]

1.e4 e5 2.Nf3 Nc6 3.Bb5 a6 4.Ba4 Nf6 5.O-O Be7 6.Qe2 b5 7.Bb3
O-O 8.c3 Bb7 9.d4 d6 10.Rd1 Qc8 11.Nbd2 Re8 12.Ng5 Nd8 13.Ndf3
h6 14.dxe5 hxg5 15.exf6 Bxf6 16.Nxg5 Bxg5 17.Bxg5 Rxe4 18.Be3
Ne6 19.Qh5 Re5 20.Qh4 Qe8 21.Qg3 Qc6 22.Rf1 Re8 23.Bd1 Nc5 24.Bf3
Ne4 25.Qh4 Qc4 26.g3 R5e6 27.Bg2 Qe2 28.Rab1 Bd5 29.Rfe1 Qc2
30.Rec1 Qa4 31.Ra1 Qc4 32.Rd1 Bb7 33.Qg4 Rg6 34.Qh4 Qe2 35.Rab1
Nxg3 36.hxg3 Bxg2 37.Re1 Qc2 38.Kxg2 f6 39.Qd4 Qf5 40.Rbd1 Kf8
41.Bf4 Rxe1 42.Rxe1 1-0

[Event "VIII TchRUS W"]
[Site "Sochi RUS"]
[Date "2007.05.01"]
[Round "1"]
[White "Kovalevskaya, Ekaterina"]
[Black "Ruan Lufei"]
[Result "1/2-1/2"]
[WhiteElo "2432"]
[BlackElo "2370"]
[Annotator ""]
[Source ""]
[Remark ""]

1.e4 e5 2.Nf3 Nc6 3.Bb5 Nf6 4.d3 d6 5.O-O Bd7 6.c3 g6 7.Nbd2
Bg7 8.Re1 O-O 9.Nf1 Nh5 10.Ba4 Qe8 11.Bb3 Kh8 12.Ne3 f5 13.exf5
gxf5 14.Nd5 Rc8 15.Ng5 h6 16.Nh3 Na5 17.Bc2 Be6 18.Ne3 f4 19.Ng4
f3 20.gxf3 Nf6 21.d4 Qd7 22.dxe5 Nxg4 23.fxg4 Bxe5 24.f3 Rf6
25.Be3 Rcf8 26.Bd4 Bxd4+ 27.Qxd4 Nc6 28.Qe3 Ne5 29.Be4 Qg7 30.Rf1
Qf7 31.Kg2 d5 32.Bxd5 Nxg4 33.fxg4 Bxd5+ 34.Kg3 Rxf1 35.Rxf1
Qxf1 36.Qxh6+ Kg8 37.Qg6+ Kh8 38.Qh6+ Kg8 39.Qg6+ Kh8 1/2-1/2

[Event "VIII TchRUS W"]
[Site "Sochi RUS"]
[Date "2007.05.01"]
[Round "1"]
[White "Nebolsina, Vera"]
[Black "Kochetkova, Julia"]
[Result "1-0"]
[WhiteElo "2297"]
[BlackElo "2320"]
[Annotator ""]
[Source ""]
[Remark ""]

1.e4 c5 2.Nc3 Nc6 3.Nf3 Nf6 4.Bb5 Qc7 5.O-O Nd4 6.Re1 a6 7.Bf1
Nxf3+ 8.Qxf3 d6 9.Nd5 Qd8 10.b4 cxb4 11.Bb2 e5 12.d4 Nxd5 13.exd5
Be7 14.dxe5 O-O 15.Bd3 g6 16.exd6 Bxd6 17.Qe3 Qc7 18.Bf6 Bxh2+
19.Kh1 Qf4 20.Be7 Re8 21.g3 Qg4 22.Kxh2 Qh5+ 23.Kg1 Bg4 24.Qg5
Rxe7 25.Qxe7 Bf3 26.Qh4 Qxd5 27.Re7 1-0

[Event "VIII TchRUS W"]
[Site "Sochi RUS"]
[Date "2007.05.01"]
[Round "1"]
[White "Mongontuul, Bathuyag"]
[Black "Ovod, Evgenija"]
[Result "1-0"]
[WhiteElo "2388"]
[BlackElo "2384"]
[Annotator ""]
[Source ""]
[Remark ""]

1.e4 e5 2.Nf3 Nc6 3.Bb5 Bc5 4.O-O Nd4 5.Nxd4 Bxd4 6.c3 Bb6 7.d4
c6 8.Ba4 d6 9.Na3 Nf6 10.Bg5 h6 11.Bxf6 Qxf6 12.d5 Bd7 13.dxc6
bxc6 14.Nc4 Ke7 15.Qd2 Rhd8 16.Rad1 Be8 17.Qe2 Qe6 18.Bb3 Qg6
19.Rd3 Bc5 20.Rg3 Qh7 21.Kh1 g5 22.Rf3 f6 23.Na5 Rab8 24.Qc4
Rxb3 25.axb3 Rc8 26.Nb7 Bb6 27.Rd1 Bf7 28.Qa6 d5 29.Qa3+ c5 30.b4
dxe4 31.bxc5 exf3 32.cxb6+ Ke6 33.Qd6+ Kf5 34.Qd7+ Kg6 35.Qxc8
fxg2+ 36.Kg1 1-0

[Event "VIII TchRUS W"]
[Site "Sochi RUS"]
[Date "2007.05.01"]
[Round "1"]
[White "Sirotkina, Nina"]
[Black "Gunina, Valentina"]
[Result "0-1"]
[WhiteElo "2275"]
[BlackElo "2308"]
[Annotator ""]
[Source ""]
[Remark ""]

1.d4 d5 2.c4 e6 3.Nf3 Nf6 4.g3 Be7 5.Bg2 O-O 6.Qc2 a6 7.O-O dxc4
8.Qxc4 b5 9.Qc2 Bb7 10.Bf4 Nc6 11.Rd1 Nb4 12.Qc1 Rc8 13.Nc3 Nbd5
14.Nxd5 Bxd5 15.Be3 Ng4 16.Ne1 Nxe3 17.Qxe3 Bf6 18.Be4 Qd6 19.Rac1
Bxe4 20.Qxe4 Rfd8 21.Nf3 Qb4 22.Rc6 Qa4 23.Rdc1 Qxa2 24.Rxc7
Rxc7 25.Rxc7 Qxb2 26.Kg2 a5 27.Qb7 a4 28.Rc8 Qb4 29.Rxd8+ Bxd8
30.Ne5 Qf8 31.Qxb5 a3 32.Qa4 Be7 33.Nc4 f6 34.Qa6 Kf7 35.e4 Bb4
36.d5 exd5 37.exd5 Qe7 38.d6 Qe4+ 39.Kg1 Bc5 40.Ne3 Bxe3 41.d7
Qb1+ 42.Kg2 Bb6 43.Qa8 Kg6 44.Qe8+ Kh6 45.g4 Qg6 46.Qe2 Qg5 47.Kh3
Qd5 0-1

[Event "VIII TchRUS W"]
[Site "Sochi RUS"]
[Date "2007.05.01"]
[Round "1"]
[White "Cherenkova, Kristina"]
[Black "Lupik, Marina"]
[Result "1-0"]
[WhiteElo "2249"]
[BlackElo "2215"]
[Annotator ""]
[Source ""]
[Remark ""]

1.d4 d5 2.Nf3 Nf6 3.c4 e6 4.e3 c5 5.Nc3 Nc6 6.Bd3 dxc4 7.Bxc4
cxd4 8.exd4 Be7 9.O-O O-O 10.a3 a6 11.Bg5 b5 12.Ba2 Bb7 13.Re1
Nd5 14.Ne4 Bxg5 15.Nexg5 Nce7 16.Rc1 Ng6 17.Bb1 Qe7 18.Qd2 Rad8
19.Bxg6 hxg6 20.Ne5 Qe8 21.Ne4 f6 22.Nf3 g5 23.Nc5 Bc8 24.h3
Qf7 25.Qc2 Rfe8 26.Nd3 Rd6 27.Qc5 Red8 28.Nde5 Qf8 29.Nc6 Re8
30.Nb4 Bb7 31.Nxd5 Bxd5 32.Nd2 Rd7 33.Ne4 Red8 34.Qxf8+ Kxf8
35.Nc5 Rd6 36.Re3 Kf7 37.f3 Rc6 38.Rec3 Bc4 39.b3 Bd5 40.Nb7
Rxc3 41.Nxd8+ Ke7 42.Rxc3 Kxd8 43.Kf2 Kd7 44.Ke3 Bb7 45.Kd3 Bd5
46.Kc2 Bc6 47.Rc5 Kd6 48.Kc3 a5 49.b4 a4 50.d5 exd5 51.Kd4 Be8
52.Rxd5+ Kc6 53.Rd8 Bf7 54.Rh8 Kd6 55.Rh7 Bc4 56.Rxg7 Bf1 57.g3
Bxh3 58.Rb7 Kc6 59.Rf7 f5 60.Ke5 1-0

[Event "VIII TchRUS W"]
[Site "Sochi RUS"]
[Date "2007.05.01"]
[Round "1"]
[White "Akatova, Ekaterina"]
[Black "Ambartsumova, Karina"]
[Result "0-1"]
[WhiteElo "2204"]
[BlackElo "2201"]
[Annotator ""]
[Source ""]
[Remark ""]

1.e4 c5 2.Nf3 d6 3.d4 cxd4 4.Nxd4 Nf6 5.Nc3 a6 6.f3 e5 7.Nb3
Be6 8.Be3 Be7 9.Qd2 O-O 10.O-O-O Nbd7 11.g4 b5 12.h4 b4 13.Nd5
Bxd5 14.exd5 a5 15.Kb1 Nb6 16.Bxb6 Qxb6 17.Qd3 Rfc8 18.Nd2 a4
19.Ne4 Ra5 20.Nxf6+ Bxf6 21.Qf5 Qd8 22.g5 Be7 23.h5 Bxg5 24.Bd3
h6 25.f4 Bxf4 26.Rhf1 Rxd5 27.Qh7+ Kf8 28.Rde1 Rd4 29.Rg1 Bg5
30.Ref1 Rc7 31.Qh8+ Ke7 32.Qxg7 Qf8 33.Qh7 Kd8 34.Qf5 Qg7 35.Qf3
a3 36.Qa8+ Ke7 37.Bb5 Qf8 38.Qf3 Rf4 39.Qb3 Rc5 40.Rxf4 Bxf4
41.Qxb4 Qb8 42.c4 Qa8 43.Qe1 Qf3 44.bxa3 Qd3+ 45.Kb2 e4 46.Rg2
Rxh5 47.a4 Be5+ 48.Kc1 Qa3+ 49.Kb1 Qd3+ 50.Kc1 Qf3 51.Rf2 Qa3+
52.Kb1 Qd3+ 0-1

[Event "VIII TchRUS W"]
[Site "Sochi RUS"]
[Date "2007.05.02"]
[Round "2"]
[White "Meshcheriakova, Evgenia"]
[Black "Severiukhina, Zoja"]
[Result "0-1"]
[WhiteElo "2203"]
[BlackElo "2269"]
[Annotator ""]
[Source ""]
[Remark ""]

1.Nf3 Nf6 2.c4 g6 3.b4 Bg7 4.Bb2 O-O 5.e3 d6 6.d4 c5 7.a3 a5
8.Nc3 axb4 9.axb4 Rxa1 10.Bxa1 cxd4 11.exd4 e5 12.d5 Na6 13.Na2
Qb6 14.Qb3 Bg4 15.Be2 Bxf3 16.Bxf3 e4 17.Be2 Ng4 18.c5 Nxc5 19.Qg3
Nd3+ 20.Bxd3 Bxa1 21.Qxg4 exd3 22.O-O Bd4 23.Qe4 Ra8 24.Nc1 d2
25.Nd3 Bc3 26.Rd1 Qb5 27.Qf3 Re8 28.Rf1 Re1 0-1

[Event "VIII TchRUS W"]
[Site "Sochi RUS"]
[Date "2007.05.02"]
[Round "2"]
[White "Kirillova, Varvara"]
[Black "Hou, Yifan"]
[Result "1-0"]
[WhiteElo "2251"]
[BlackElo "2513"]
[Annotator ""]
[Source ""]
[Remark ""]

1.e4 c5 2.Nf3 d6 3.d4 cxd4 4.Nxd4 Nf6 5.Nc3 a6 6.Bg5 e6 7.Qd2
Nbd7 8.O-O-O b5 9.f4 b4 10.Nb1 Bb7 11.Qxb4 Bxe4 12.Nc3 Rb8 13.Qa4
Qb6 14.Bxf6 Qxb2+ 15.Kd2 Rb4 16.Qxa6 gxf6 17.Qc8+ Ke7 18.Bb5
Rxb5 19.Ncxb5 Qb4+ 20.Ke3 Qc5 21.Qxc5 Nxc5 22.Nb3 Bxc2 23.Rxd6
Nxb3 24.axb3 Bxb3 25.Rc1 f5 26.Rc7+ Kf6 27.Rdd7 e5 28.fxe5+ Kxe5
29.Nd4 f4+ 30.Kd3 Bd5 31.Nc6+ Bxc6 32.Rxc6 f6 33.Rc8 Ke6 34.Rb7
f5 35.Kc4 h5 36.Re8+ Kf6 37.Kd5 h4 38.h3 Rg8 39.Rbb8 Kf7 40.Rxf8+
Rxf8 41.Rxf8+ Kxf8 42.Ke5 Kg7 43.Kxf5 Kh6 44.Kxf4 1-0

[Event "VIII TchRUS W"]
[Site "Sochi RUS"]
[Date "2007.05.02"]
[Round "2"]
[White "Ubiennykh, Ekaterina"]
[Black "Bronnikova, Elizaveta"]
[Result "1/2-1/2"]
[WhiteElo "2302"]
[BlackElo "2287"]
[Annotator ""]
[Source ""]
[Remark ""]

1.e4 d6 2.d4 Nf6 3.Nc3 g6 4.Be3 c6 5.h3 b5 6.e5 dxe5 7.dxe5 Qxd1+
8.Rxd1 Nfd7 9.f4 Na6 10.g4 Bb7 11.Bg2 Nc7 12.Nge2 b4 13.Ne4 Nd5
14.Bd4 e6 15.O-O c5 16.Bf2 Ba6 17.Rfe1 Rc8 18.N4g3 N7b6 19.h4
Be7 20.h5 gxh5 21.Nxh5 Rg8 22.Bf3 Nc4 23.Bxd5 exd5 24.Rxd5 Rxg4+
25.Neg3 Kf8 26.Kh2 Bb7 27.Rd7 Bc6 28.Rxe7 Kxe7 29.Bxc5+ Kd8 30.b3
Rh4+ 31.Kg1 Bf3 32.Be7+ Kxe7 33.Nf5+ Kf8 34.Nxh4 Bxh5 35.bxc4
Rxc4 36.Ng2 Rxc2 37.f5 Re2 38.Rb1 Rxe5 39.Rxb4 Rxf5 40.Ra4 a5
41.Ne3 Rc5 42.Kf2 f5 43.Kg3 Ke7 44.Kf4 Ke6 45.Rd4 Bg6 46.Nc4
Rb5 47.a3 Rc5 48.Rd6+ Ke7 49.Rd4 Bf7 50.Ne3 Be6 51.Kg5 h6+ 52.Kg6
Bf7+ 53.Kxh6 Kf6 54.Rf4 Be6 55.Ng4+ Ke7 56.Ne3 Re5 57.Rf3 f4
58.Nc2 Re2 59.Nd4 Re4 60.Nxe6 Kxe6 61.Kg5 Ke5 62.Rb3 a4 63.Rf3
Re3 64.Rxf4 Rg3+ 65.Rg4 Rxa3 66.Rb4 Ra1 67.Rb2 a3 68.Re2+ Kd4
69.Kf4 a2 70.Rf2 Kd3 71.Kf3 Kc4 72.Kf4 Kb4 73.Kf5 Kb3 74.Rf3+
Kc4 75.Rf2 Kd3 76.Kf4 Kd4 77.Rd2+ Kc5 78.Rf2 Kd6 79.Kf3 1/2-1/2

[Event "VIII TchRUS W"]
[Site "Sochi RUS"]
[Date "2007.05.02"]
[Round "2"]
[White "Komiagina, Maria"]
[Black "Airapetian, Tatevik"]
[Result "1-0"]
[WhiteElo "2288"]
[BlackElo "2234"]
[Annotator ""]
[Source ""]
[Remark ""]

1.e4 c5 2.Nf3 d6 3.d4 cxd4 4.Nxd4 Nf6 5.Nc3 a6 6.Bc4 e6 7.Bb3
b5 8.Bg5 Be7 9.Qf3 Qb6 10.O-O-O b4 11.Nce2 Nbd7 12.Ba4 Bb7 13.Bxf6
Bxf6 14.Qg3 Rd8 15.Nxe6 fxe6 16.Rxd6 Qa5 17.Rxe6+ Kf7 18.Bb3
Qg5+ 19.Qxg5 Bxg5+ 20.f4 Nc5 21.Rb6+ Nxb3+ 22.axb3 Bxe4 23.fxg5
Rhe8 24.Rf1+ Kg8 25.Nf4 Rc8 26.Rf2 Bf5 27.Rxb4 Re1+ 28.Kd2 Rb1
29.Nd3 Bxd3 30.Kxd3 Rd1+ 31.Ke3 Re8+ 32.Kf3 Rde1 33.Kg3 g6 34.h3
R8e5 35.Kg4 R1e3 36.Rd4 Re7 37.Rfd2 R7e5 38.Rf2 Re7 39.h4 Kg7
40.g3 h6 41.gxh6+ Kxh6 42.Rd6 R7e4+ 43.Rf4 Re6 44.Rxe6 Rxe6 45.b4
Rb6 46.b3 Rb5 47.Rd4 1-0

[Event "VIII TchRUS W"]
[Site "Sochi RUS"]
[Date "2007.05.02"]
[Round "2"]
[White "Bannikova, Anastasia"]
[Black "Melnikova, Yana"]
[Result "1/2-1/2"]
[WhiteElo "2185"]
[BlackElo "2305"]
[Annotator ""]
[Source ""]
[Remark ""]

1.c4 c5 2.Nc3 Nc6 3.g3 g6 4.Bg2 Bg7 5.e4 e6 6.d3 Nge7 7.Nge2
d6 8.Bg5 O-O 9.Qd2 Re8 10.O-O a6 11.f4 f6 12.Bh4 Qc7 13.g4 f5
14.h3 Rb8 15.Ng3 Nd4 16.Bxe7 Qxe7 17.exf5 exf5 18.Rae1 Qf8 19.Rxe8
Qxe8 20.Re1 Qf8 21.g5 b5 22.b3 Bb7 23.Nd5 h5 24.Re7 Kh8 25.Qe1
Bc6 26.Kh2 a5 27.Qe3 bxc4 28.dxc4 a4 29.b4 Bxd5 30.Bxd5 cxb4
31.Rf7 Qe8 32.Re7 Qf8 33.Rf7 Qe8 1/2-1/2

[Event "VIII TchRUS W"]
[Site "Sochi RUS"]
[Date "2007.05.02"]
[Round "2"]
[White "Zaiatz, Elena"]
[Black "Muzychuk, Anna"]
[Result "1/2-1/2"]
[WhiteElo "2387"]
[BlackElo "2474"]
[Annotator ""]
[Source ""]
[Remark ""]

1.d4 f5 2.c4 Nf6 3.Nf3 g6 4.g3 Bg7 5.Bg2 O-O 6.b3 d6 7.Bb2 e6
8.O-O Qe7 9.Nbd2 Nc6 10.Qc1 a5 11.Re1 e5 12.e4 f4 13.c5 exd4
14.cxd6 cxd6 15.Nxd4 fxg3 16.hxg3 Bd7 17.Nxc6 Bxc6 18.Qc4+ Kh8
19.e5 dxe5 20.Bxc6 bxc6 21.Bxe5 Rad8 22.Nf3 Nd5 23.Bd4 Qd7 24.Ng5
Rde8 25.Rad1 h6 26.Bxg7+ Kxg7 27.Qd4+ Kg8 28.Rxe8 Rxe8 29.Ne4
Qe7 30.Nc3 Rd8 31.Qc4 Qe6 32.Qc5 Rd7 33.Qc4 Kg7 34.Ne4 Re7 35.Nc5
Qe2 36.Qxe2 Rxe2 37.a4 Rb2 38.Rd3 Nb4 39.Rd7+ Kf6 40.Kg2 h5 41.Ra7
Nc2 42.Rxa5 Ne3+ 43.Kf3 Ng4 44.Ne4+ Ke6 45.Kg2 Ra2 46.Kf3 Rb2
47.Kg2 Re2 1/2-1/2